000 00858nji a22002177a 4500
005 20150127122115.0
007 cd
008 150127b xxu||||| |||| 00| 0 eng d
010 _advd-008365-66
024 _c595.00
082 _acd
245 _aSudoku Unlimited
_cBritannica
260 _aN.Delhi
_bBRI
_c2007
270 _aA-41.Ground Floor(L-2) Mohan Cooperative Ind.Estate,Man Mathura Road
_bN.Delhi
_dIndia
300 _adisc (cd)
500 _aGenerate unlimited Puzzies
521 _aAuto-generate unlimited new puzzles 5 game modes Quick and intuitive number entry.
538 _aChoose from 4x4 and 9x9 grids,multiple difficulty levels,and more
942 _2ddc
_cCF
_hBRI
999 _c91049
_d91049